[Event "NVM U16 2015"]
[Site "Kiel"]
[Date "2015.09.10"]
[Round "2.1"]
[White "Böhning, Kilian"]
[Black "Killgus, Leonard"]
[Result "1-0"]
[WhiteElo "2016"]
[BlackElo "1889"]
[PlyCount "63"]
[EventDate "2015.??.??"]
[WhiteTeam "Hagener SV"]
[BlackTeam "SK Johanneum Eppendorf"]

1. d4 Nf6 2. g4 Nxg4 3. e4 d6 4. Nc3 e5 5. d5 f5 6. exf5 Nf6 7. Bd3 c6 8. Bg5
Nbd7 9. Nge2 Qa5 10. Ng3 cxd5 11. O-O Be7 12. Bb5 d4 13. Bxf6 Bxf6 14. Nd5 O-O
15. Bc4 Kh8 16. f4 Nb6 17. b4 Qa4 18. Bb3 Qc6 19. Nxf6 Rxf6 20. fxe5 dxe5 21.
Qe2 Qc7 22. Rae1 Bd7 23. Qxe5 Qxe5 24. Rxe5 Raf8 25. Rf4 h6 26. Rxd4 Bxf5 27.
Nxf5 Rxf5 28. Rxf5 Rxf5 29. c4 Rf8 30. c5 Nc8 31. Rd7 b6 32. c6 1-0

[Event "NVM U16 2015"]
[Site "Kiel"]
[Date "2015.09.10"]
[Round "2.2"]
[White "Keyser, Robin"]
[Black "Balazs, Balint"]
[Result "1/2-1/2"]
[WhiteElo "1722"]
[BlackElo "1894"]
[PlyCount "126"]
[EventDate "2015.??.??"]
[WhiteTeam "SK Johanneum Eppendorf"]
[BlackTeam "Hagener SV"]

1. d4 f5 2. g3 g6 3. Bg2 Nf6 4. Nf3 Bg7 5. O-O O-O 6. c4 d6 7. Qc2 Qe8 8. Rd1
e5 9. dxe5 dxe5 10. Nc3 Nc6 11. b3 e4 12. Nd4 Nxd4 13. Rxd4 c6 14. Rd1 Qe7 15.
Bf4 Ne8 16. h4 h6 17. Qd2 Kh7 18. Rac1 Be6 19. e3 g5 20. hxg5 hxg5 21. Bd6 Nxd6
22. Qxd6 Qxd6 23. Rxd6 Rfe8 24. Ne2 Rad8 25. Rcd1 Rxd6 26. Rxd6 Be5 27. Rd2 Kg6
28. g4 Kf6 29. gxf5 Bxf5 30. Ng3 Bxg3 31. fxg3 Bg4 32. b4 Re7 33. a3 Kf5 34.
Rd4 Be2 35. Bh3+ g4 36. Bf1 Bf3 37. Bg2 Rh7 38. Rd2 Ke5 39. Rd8 Rf7 40. Bf1 b6
41. a4 Rh7 42. Bg2 Re7 43. Bf1 Re6 44. Rd7 Rd6 45. Rxd6 Kxd6 46. Kf2 Bd1 47.
Be2 Bxa4 48. Bxg4 Bb3 49. Bf5 a5 50. bxa5 bxa5 51. Ke1 Ke5 52. Bd7 c5 53. Bb5
Kf5 54. Bd7+ Kg5 55. Be6 Bc2 56. Kd2 Bd3 57. Kd1 Bf1 58. Kc2 Be2 59. Kb3 Bg4
60. Bd5 Bd1+ 61. Ka3 Bc2 62. Be6 Bd1 63. Bd7 Bc2 1/2-1/2

[Event "NVM U16 2015"]
[Site "Kiel"]
[Date "2015.09.10"]
[Round "2.3"]
[White "Laubrock, Paul"]
[Black "Keyser, Philipp"]
[Result "1/2-1/2"]
[WhiteElo "1866"]
[BlackElo "1795"]
[PlyCount "102"]
[EventDate "2015.??.??"]
[WhiteTeam "Hagener SV"]
[BlackTeam "SK Johanneum Eppendorf"]

1. d4 Nf6 2. Nc3 g6 3. e4 d6 4. f3 Bg7 5. Be3 O-O 6. Qd2 c6 7. O-O-O b5 8. Bh6
a5 9. Kb1 Qb6 10. h4 a4 11. Nce2 b4 12. Nc1 Be6 13. h5 b3 14. cxb3 axb3 15.
hxg6 bxa2+ 16. Ka1 fxg6 17. Bxg7 Kxg7 18. g4 Bg8 19. e5 dxe5 20. dxe5 Nd5 21.
Bc4 Qe3 22. Qh2 Qf4 23. Qe2 e6 24. Bxd5 cxd5 25. Nd3 Qf7 26. Qe3 Nd7 27. Ne2
Qxf3 28. Qh6+ Kh8 29. Nef4 Rxf4 30. Nxf4 Nf8 31. Nxg6+ Nxg6 32. Rdf1 Qg2 33.
Rc1 Rb8 34. Rh2 Qe4 35. Qd2 Qf4 36. Qc2 Qc4 37. Qd1 Qf4 38. Qh1 Qe4 39. Qf1 Rf8
40. Qb5 Qf4 41. Rch1 Qc4 42. Qb7 Rf1+ 43. Rxf1 Qxf1+ 44. Kxa2 Qf4 45. Rc2 Qa4+
46. Kb1 Qe4 47. Qb6 d4 48. Qd8 Qxe5 49. Rd2 Qe1+ 50. Kc2 Qe4+ 51. Kc1 Qc6+
1/2-1/2

[Event "NVM U16 2015"]
[Site "Kiel"]
[Date "2015.09.10"]
[Round "2.4"]
[White "Lattke, Lorin"]
[Black "Hoppe, Andreas"]
[Result "1-0"]
[WhiteElo "1125"]
[BlackElo "1847"]
[PlyCount "105"]
[EventDate "2015.??.??"]
[WhiteTeam "SK Johanneum Eppendorf"]
[BlackTeam "Hagener SV"]

1. e4 e6 2. d4 d5 3. Nd2 Nf6 4. e5 Nfd7 5. Bd3 c5 6. c3 Nc6 7. Ne2 cxd4 8. cxd4
f6 9. exf6 Qxf6 10. Nf3 h6 11. O-O Bd6 12. Be3 O-O 13. a3 Rd8 14. Qd2 Nf8 15.
Bf4 Bxf4 16. Nxf4 Bd7 17. Rfe1 g5 18. Nh5 Qf7 19. Ng3 Be8 20. Ne5 Nxe5 21. Rxe5
Ng6 22. Bxg6 Qxg6 23. Rae1 Rd6 24. Qb4 Rb6 25. Qd2 Rc8 26. Rc1 Rxc1+ 27. Qxc1
Rc6 28. Qd1 Rc2 29. Re2 Ba4 30. Rxc2 Bxc2 31. Qd2 Bb3 32. Nf1 Qb1 33. Qe2 Kf7
34. Qf3+ Kg7 35. Qxb3 b6 36. Qc3 Kf6 37. Qf3+ Kg7 38. Qe2 Kf7 39. g3 Qc1 40.
Kg2 Qc6 41. Ne3 Qa4 42. Qd3 Kg7 43. Ng4 Qe8 44. Ne5 Qh5 45. Qf3 Qe8 46. Ng4 Qe7
47. Qe2 Kg6 48. Qe5 Kh5 49. h3 Kg6 50. Qh8 h5 51. Ne5+ Kf5 52. Qxh5 Qf6 53.
Qf3# 1-0

[Event "NVM U16 2015"]
[Site "Kiel"]
[Date "2015.09.10"]
[Round "2.1"]
[White "Rätzke von Stoyentin, Steffen"]
[Black "Uksini, Bardhyl"]
[Result "1/2-1/2"]
[WhiteElo "1983"]
[BlackElo "2218"]
[PlyCount "120"]
[EventDate "2015.??.??"]
[WhiteTeam "SC Aurich"]
[BlackTeam "Hamburger SK von 1830 eV"]

1. d4 Nf6 2. c4 e6 3. Nc3 Bb4 4. e3 d5 5. Bd3 O-O 6. Nge2 c5 7. O-O Nc6 8. a3
Bxc3 9. bxc3 b6 10. Rb1 e5 11. cxd5 Qxd5 12. c4 Qd6 13. d5 e4 14. Bxe4 Nxe4 15.
dxc6 Qxc6 16. f3 Nd6 17. Qd5 Bb7 18. Rd1 Rad8 19. Bb2 Qd7 20. Qe5 f6 21. Qf4
Qe6 22. e4 Nxc4 23. Qc7 Rxd1+ 24. Rxd1 Qc6 25. Qe7 Re8 26. Rd8 Rxd8 27. Qxd8+
Kf7 28. Bc1 Qd6 29. Qh8 Ne5 30. Bh6 Qf8 31. Qxh7 Qg8 32. Qxg8+ Kxg8 33. Bf4 Kf7
34. Bxe5 fxe5 35. Nc3 Bc6 36. h4 b5 37. Na2 a5 38. Kf2 b4 39. axb4 cxb4 40. Ke3
Bb5 41. Kd2 Bc4 42. Nc1 a4 43. Kc2 Ke6 44. Nd3 Kd6 45. Nxb4 Bf1 46. g3 Bg2 47.
f4 Bxe4+ 48. Kb2 exf4 49. gxf4 Ke6 50. Ka3 Kf5 51. Kxa4 Kxf4 52. Kb3 Kg4 53.
Kc3 Kxh4 54. Kd4 Bb1 55. Nd5 Kg4 56. Ke5 Kf3 57. Nc3 Bh7 58. Nd5 Bg8 59. Kf5
Bh7+ 60. Kg5 Ke4 1/2-1/2

[Event "NVM U16 2015"]
[Site "Kiel"]
[Date "2015.09.10"]
[Round "2.2"]
[White "Rogozenco, Teodora"]
[Black "Neumann, Tiemon"]
[Result "1-0"]
[WhiteElo "2057"]
[BlackElo "1720"]
[PlyCount "57"]
[EventDate "2015.??.??"]
[WhiteTeam "Hamburger SK von 1830 eV"]
[BlackTeam "SC Aurich"]

1. d4 Nf6 2. c4 g6 3. Nc3 Bg7 4. Nf3 O-O 5. g3 d6 6. Bg2 Nbd7 7. O-O c6 8. e4
e5 9. h3 Qc7 10. Be3 Re8 11. Qc2 a6 12. Rac1 Rb8 13. Kh2 b5 14. cxb5 axb5 15.
Nd5 Nxd5 16. exd5 exd4 17. Nxd4 Bxd4 18. Bxd4 c5 19. b3 Qa5 20. Bc3 b4 21. Ba1
Ba6 22. Qb2 f6 23. Rfe1 Kf7 24. Re6 Rxe6 25. dxe6+ Kxe6 26. Re1+ Kf7 27. Bc6
Ne5 28. f4 Bb5 29. Bd5+ 1-0

[Event "NVM U16 2015"]
[Site "Kiel"]
[Date "2015.09.10"]
[Round "2.3"]
[White "Henning, Yannick"]
[Black "Wolfram, Tom"]
[Result "1-0"]
[WhiteElo "1562"]
[BlackElo "1626"]
[PlyCount "49"]
[EventDate "2015.??.??"]
[WhiteTeam "SC Aurich"]
[BlackTeam "Hamburger SK von 1830 eV"]

1. d4 Nf6 2. Nf3 c5 3. c4 cxd4 4. Nxd4 Nc6 5. Nc3 e6 6. e4 d6 7. Be2 Be7 8. O-O
O-O 9. Be3 Ne8 10. Qd2 Nxd4 11. Bxd4 e5 12. Be3 f5 13. f3 f4 14. Bf2 Rf6 15.
Rac1 Rg6 16. Rfd1 Bh4 17. Bf1 Bxf2+ 18. Qxf2 Nf6 19. c5 Nh5 20. Nb5 Qd7 21.
Rxd6 Rxd6 22. Nxd6 Qc6 23. Bb5 Qc7 24. Qd2 Bd7 25. Qd5+ 1-0

[Event "NVM U16 2015"]
[Site "Kiel"]
[Date "2015.09.10"]
[Round "2.4"]
[White "Odzini, Kerim"]
[Black "Kittelberger, Mattis"]
[Result "0-1"]
[WhiteElo "1440"]
[BlackElo "1615"]
[PlyCount "77"]
[EventDate "2015.??.??"]
[WhiteTeam "Hamburger SK von 1830 eV"]
[BlackTeam "SC Aurich"]

1. e4 c5 2. Nf3 e6 3. d4 cxd4 4. Nxd4 a6 5. c4 Nf6 6. Nc3 Qc7 7. Qd3 b6 8. a3
Bb7 9. Be2 d6 10. O-O Nbd7 11. Qe3 Nc5 12. f3 d5 13. b4 dxe4 14. bxc5 Bxc5 15.
Na4 e5 16. Nxc5 exd4 17. Qxd4 Qxc5 18. Qxc5 bxc5 19. fxe4 Bxe4 20. Bb2 Nd7 21.
Rf4 Bc6 22. Bh5 O-O 23. Raf1 Rab8 24. Bxf7+ Rxf7 25. Rxf7 Rxb2 26. R7f2 Rb3 27.
Re1 Nf6 28. Re6 Bb7 29. Rfe2 Rxa3 30. Rb6 Be4 31. Rxf6 gxf6 32. Rxe4 Ra4 33.
Re6 a5 34. Ra6 Kg7 35. Kf2 Kg6 36. g4 Kg5 37. Kf3 Rxc4 38. Rxa5 Rc3+ 39. Kg2
0-1

[Event "NVM U16 2015"]
[Site "Kiel"]
[Date "2015.09.10"]
[Round "2.1"]
[White "Hartge, Gedeon"]
[Black "Scheinhütte, Jakob"]
[Result "1-0"]
[WhiteElo "1967"]
[BlackElo "1884"]
[PlyCount "51"]
[EventDate "2015.??.??"]
[WhiteTeam "USV Volksbank Halle"]
[BlackTeam "SV Empor Berlin e.V."]

1. d4 Nf6 2. c4 g6 3. f3 Bg7 4. e4 O-O 5. Nc3 d6 6. Nge2 Nc6 7. Be3 a6 8. Rb1
Rb8 9. b4 b5 10. cxb5 axb5 11. d5 Ne5 12. Nd4 Bd7 13. Bxb5 Bxb5 14. Ncxb5 Qd7
15. a4 c6 16. dxc6 Nxc6 17. Nxc6 Qxc6 18. O-O Nd7 19. Rc1 Qa6 20. Nc7 Qb7 21.
Nd5 Nf6 22. Rc7 Qa6 23. b5 Qa5 24. Ra7 Qd8 25. Nxe7+ Kh8 26. Nc6 1-0

[Event "NVM U16 2015"]
[Site "Kiel"]
[Date "2015.09.10"]
[Round "2.2"]
[White "Feyer, Leon"]
[Black "Gröbel, Aaron"]
[Result "0-1"]
[WhiteElo "1729"]
[BlackElo "1843"]
[PlyCount "60"]
[EventDate "2015.??.??"]
[WhiteTeam "SV Empor Berlin e.V."]
[BlackTeam "USV Volksbank Halle"]

1. e4 e5 2. Nf3 Nc6 3. Bb5 a6 4. Ba4 Nf6 5. O-O b5 6. Bb3 Bc5 7. Re1 d6 8. h3
O-O 9. c3 h6 10. d4 Bb6 11. Bc2 Re8 12. d5 Ne7 13. Qe2 Ng6 14. Be3 Nh5 15. Bxb6
cxb6 16. Nbd2 Qf6 17. Kh2 Nhf4 18. Qe3 Rb8 19. Rg1 Kh7 20. Nf1 Ne7 21. Ng3 g5
22. Ne2 Neg6 23. Nxf4 Nxf4 24. Bd3 g4 25. hxg4 Bxg4 26. Rgc1 Rg8 27. Bf1 Bxf3
28. Qxf3 Qh4+ 29. Kg1 Nh3+ 30. Kh2 Ng5+ 0-1

[Event "NVM U16 2015"]
[Site "Kiel"]
[Date "2015.09.10"]
[Round "2.3"]
[White "Perekhozhuk, Maksym"]
[Black "Denkert, Anna"]
[Result "1/2-1/2"]
[WhiteElo "1783"]
[BlackElo "1690"]
[PlyCount "75"]
[EventDate "2015.??.??"]
[WhiteTeam "USV Volksbank Halle"]
[BlackTeam "SV Empor Berlin e.V."]

1. e4 c6 2. d4 d5 3. exd5 cxd5 4. Bd3 Nf6 5. c3 Nc6 6. Bf4 Qb6 7. Qc2 Bg4 8.
Nd2 Rc8 9. Ngf3 e6 10. O-O Be7 11. Rae1 O-O 12. a3 Bh5 13. Be5 Bg6 14. Kh1 Bxd3
15. Qxd3 Qxb2 16. Rb1 Qxa3 17. Rb3 Qa5 18. Ng5 Nxe5 19. dxe5 Ne4 20. Ngxe4 dxe4
21. Qxe4 Rfd8 22. Rxb7 Rxd2 23. Rxe7 Rxf2 24. Rd1 Qxc3 25. Red7 Rd2 26. R7xd2
Qxd2 27. Qa4 Qe2 28. Qd4 h6 29. Rg1 Qc4 30. Qxa7 Qe4 31. Rf1 Qg6 32. h3 Rc2 33.
Qa8+ Kh7 34. Qb7 Qg3 35. Qe4+ Qg6 36. Qb7 Re2 37. Rxf7 Rxe5 38. Rf1 1/2-1/2

[Event "NVM U16 2015"]
[Site "Kiel"]
[Date "2015.09.10"]
[Round "2.4"]
[White "Alcer, Johanna"]
[Black "Kretzschmar, Arnd"]
[Result "0-1"]
[WhiteElo "1180"]
[BlackElo "1881"]
[PlyCount "84"]
[EventDate "2015.??.??"]
[WhiteTeam "SV Empor Berlin e.V."]
[BlackTeam "USV Volksbank Halle"]

1. e4 c5 2. Nf3 d6 3. c3 g6 4. Be2 Bg7 5. d4 cxd4 6. cxd4 d5 7. Nc3 dxe4 8.
Nxe4 Bf5 9. Nc5 Nc6 10. Be3 b6 11. Bb5 Rc8 12. d5 bxc5 13. Bxc6+ Bd7 14. Bxd7+
Qxd7 15. Qd2 Nf6 16. O-O Qxd5 17. Rfc1 O-O 18. b3 Qxd2 19. Nxd2 Nd5 20. Rab1
Nc3 21. Rxc3 Bxc3 22. Rc1 Bxd2 23. Bxd2 Rfd8 24. Ba5 Rd5 25. f3 c4 26. Bb4 a5
27. Bxe7 c3 28. Kf2 c2 29. Ba3 Rd1 30. Ke2 Rxc1 31. Bxc1 Rd8 32. a3 Rd1 33. b4
axb4 34. axb4 Rxc1 35. Kd2 Rb1 36. Kxc2 Rxb4 37. g3 Rd4 38. h3 Kf8 39. f4 Ke7
40. h4 Kd6 41. Kc3 Kc5 42. g4 Rxf4 0-1

[Event "NVM U16 2015"]
[Site "Kiel"]
[Date "2015.09.10"]
[Round "2.1"]
[White "Rieper, Julian"]
[Black "Greßmann, Moritz"]
[Result "1/2-1/2"]
[WhiteElo "1976"]
[BlackElo "2085"]
[PlyCount "114"]
[EventDate "2015.??.??"]
[WhiteTeam "SK Doppelbauer Kiel"]
[BlackTeam "BSV 63 Chemie Weißensee"]

1. e4 e5 2. Nf3 Nc6 3. Bb5 a6 4. Ba4 Nf6 5. O-O Be7 6. Re1 b5 7. Bb3 d6 8. c3
O-O 9. h3 Na5 10. Bc2 c5 11. d4 Nd7 12. d5 Nb6 13. Nbd2 Nb7 14. b3 Bd7 15. Nf1
a5 16. Be3 a4 17. Qd2 Ra6 18. Ng3 Qa8 19. b4 Nc4 20. Qe2 Rc8 21. Bd3 Nxe3 22.
fxe3 c4 23. Bc2 Rf8 24. Nf5 Bf6 25. g4 Qd8 26. Kh2 g6 27. Ng3 Qe7 28. Rh1 Nd8
29. Rag1 Bg7 30. Kg2 f6 31. Kf2 Nf7 32. Ke1 Nh6 33. Rh2 Raa8 34. Rhg2 Rf7 35.
Nh2 Raf8 36. h4 f5 37. g5 Ng4 38. exf5 Nxh2 39. Rxh2 gxf5 40. e4 f4 41. Nh5 f3
42. Qf2 Rf4 43. Nxf4 Rxf4 44. Rg3 Qf7 45. h5 Bg4 46. h6 Bf8 47. Qd2 Qg6 48. Rh4
f2+ 49. Kf1 Be2+ 50. Qxe2 Rxh4 51. Qe3 Qf7 52. Qf3 Rf4 53. Qe3 Qh5 54. Rh3 Qg4
55. Rg3 Qh5 56. Rh3 Qg4 57. Rg3 Qh5 1/2-1/2

[Event "NVM U16 2015"]
[Site "Kiel"]
[Date "2015.09.10"]
[Round "2.2"]
[White "Fanin, Erik"]
[Black "Karlisch, Moritz"]
[Result "0-1"]
[WhiteElo "1733"]
[BlackElo "1767"]
[PlyCount "56"]
[EventDate "2015.??.??"]
[WhiteTeam "BSV 63 Chemie Weißensee"]
[BlackTeam "SK Doppelbauer Kiel"]

1. e4 c5 2. Nf3 d6 3. d4 cxd4 4. Nxd4 Nf6 5. Nc3 a6 6. Bc4 Nbd7 7. O-O b5 8.
Bd5 Nxd5 9. Nxd5 Bb7 10. Re1 e6 11. Nc3 Nf6 12. a3 Be7 13. Qf3 O-O 14. Qg3 Kh8
15. f4 Rc8 16. Bd2 Rc4 17. Qd3 Qb6 18. Be3 Ng4 19. Rad1 Rfc8 20. h3 Nxe3 21.
Rxe3 Qc7 22. Kh1 h6 23. Rg3 Bf6 24. Nde2 Rd8 25. f5 d5 26. exd5 exd5 27. Re3 d4
28. Nxd4 Rcxd4 0-1

[Event "NVM U16 2015"]
[Site "Kiel"]
[Date "2015.09.10"]
[Round "2.3"]
[White "Behringer, Tom"]
[Black "Fege, Julian"]
[Result "1-0"]
[WhiteElo "1628"]
[BlackElo "1595"]
[PlyCount "95"]
[EventDate "2015.??.??"]
[WhiteTeam "SK Doppelbauer Kiel"]
[BlackTeam "BSV 63 Chemie Weißensee"]

1. d4 Nf6 2. c4 g6 3. Nc3 Bg7 4. e4 d6 5. Nf3 O-O 6. h3 Nbd7 7. Be2 e5 8. Be3
Ne8 9. g4 f5 10. gxf5 gxf5 11. exf5 exd4 12. Bxd4 Bxd4 13. Qxd4 Qf6 14. Rg1+
Kh8 15. Nd5 Qxd4 16. Nxd4 Nb6 17. Ne6 Bxe6 18. fxe6 c6 19. Nxb6 axb6 20. Rg3
Ng7 21. Re3 Rae8 22. Rd1 Rf6 23. Rxd6 Nf5 24. Rf3 Nxd6 25. Rxf6 Ne4 26. Rf7 Nd6
27. Rf3 Rxe6 28. Re3 Rf6 29. b3 Kg8 30. Bg4 Kf7 31. Bh5+ Kf8 32. Ke2 h6 33. Rf3
Kg7 34. Rxf6 Kxf6 35. Kf3 Nf5 36. Bg4 Nd4+ 37. Ke4 Nc2 38. Bc8 Nb4 39. Bxb7 c5
40. a3 Nc2 41. Kd5 Nxa3 42. Kc6 Nb1 43. Kxb6 Nd2 44. Kxc5 Nxb3+ 45. Kd6 Na5 46.
Bd5 Kf5 47. c5 Kf4 48. Kc7 1-0

[Event "NVM U16 2015"]
[Site "Kiel"]
[Date "2015.09.10"]
[Round "2.4"]
[White "Schmidt, Florian Pascal"]
[Black "Arndt, Magnus"]
[Result "0-1"]
[WhiteElo "1261"]
[BlackElo "1744"]
[PlyCount "74"]
[EventDate "2015.??.??"]
[WhiteTeam "BSV 63 Chemie Weißensee"]
[BlackTeam "SK Doppelbauer Kiel"]

1. e4 e5 2. Nf3 Nc6 3. d4 exd4 4. Nxd4 Nf6 5. Nxc6 bxc6 6. e5 Qe7 7. Qe2 Nd5 8.
c4 Ba6 9. b3 g6 10. Bb2 Bg7 11. g3 O-O 12. Bg2 Rfe8 13. f4 f6 14. Nd2 fxe5 15.
O-O-O exf4 16. Qxe7 Bxb2+ 17. Kxb2 Nxe7 18. gxf4 d5 19. cxd5 cxd5 20. Rhg1 c6
21. Rc1 Bb7 22. Bh3 Bc8 23. Bf1 a5 24. a4 Rf8 25. Be2 Rxf4 26. Rge1 Rf2 27. Nf3
Bg4 28. Kb1 Bxf3 29. Bxf3 Rxf3 30. Rxe7 Rxb3+ 31. Ka1 Ra3+ 32. Kb2 Rxa4 33.
Rxc6 Rc4 34. Rd6 Re4 35. Rc7 Re2+ 36. Kc3 Rxh2 37. Rxd5 a4 0-1

[Event "NVM U16 2015"]
[Site "Kiel"]
[Date "2015.09.10"]
[Round "2.1"]
[White "Schmekel, Florian"]
[Black "Schnabel, Bennett"]
[Result "1/2-1/2"]
[WhiteElo "1891"]
[BlackElo "2034"]
[PlyCount "56"]
[EventDate "2015.??.??"]
[WhiteTeam "SAV Torgelow-Drögeheide 90"]
[BlackTeam "SV Mattnetz Berlin e.V."]

1. d4 f5 2. Nf3 Nf6 3. Bg5 Ne4 4. h4 d6 5. e3 h6 6. Bf4 g6 7. Nbd2 Bg7 8. Bd3
Nxd2 9. Nxd2 e5 10. dxe5 dxe5 11. Bg3 e4 12. Bc4 Bxb2 13. O-O Bxa1 14. Qxa1 Rf8
15. Qg7 Qf6 16. Qxc7 Nd7 17. Bb5 a6 18. Bxd7+ Bxd7 19. Nc4 Qc6 20. Rd1 Qxc7 21.
Bxc7 Bc6 22. Nb6 Kf7 23. Nxa8 Rxa8 24. Rd8 Rxd8 25. Bxd8 Ke6 26. Kf1 b5 27. a3
Kd5 28. Ba5 Kc4 1/2-1/2

[Event "NVM U16 2015"]
[Site "Kiel"]
[Date "2015.09.10"]
[Round "2.2"]
[White "Hesse, Henrik"]
[Black "Kasel, Alexander"]
[Result "1/2-1/2"]
[WhiteElo "1903"]
[BlackElo "1689"]
[PlyCount "61"]
[EventDate "2015.??.??"]
[WhiteTeam "SV Mattnetz Berlin e.V."]
[BlackTeam "SAV Torgelow-Drögeheide 90"]

1. c4 e5 2. Nc3 Nf6 3. g3 d5 4. cxd5 Nxd5 5. Bg2 Nb6 6. Nf3 Nc6 7. d3 Be7 8.
O-O Be6 9. Ne4 f6 10. Be3 Nd4 11. Bxd4 exd4 12. Qc2 Qd7 13. Nc5 Bxc5 14. Qxc5
Rc8 15. Rac1 c6 16. Nd2 Kf7 17. Qa5 Ra8 18. Ne4 Qc7 19. Nc5 Rhd8 20. Nxe6 Kxe6
21. Bh3+ Kf7 22. Qh5+ Kg8 23. Be6+ Kh8 24. Bf5 g5 25. h4 Rd5 26. Be4 Rb5 27.
hxg5 Rxg5 28. Qh4 Rag8 29. Kg2 f5 30. Bf3 f4 31. g4 1/2-1/2

[Event "NVM U16 2015"]
[Site "Kiel"]
[Date "2015.09.10"]
[Round "2.3"]
[White "Trömer, Felix"]
[Black "Acikel, Mert"]
[Result "1-0"]
[WhiteElo "1481"]
[BlackElo "1807"]
[PlyCount "85"]
[EventDate "2015.??.??"]
[WhiteTeam "SAV Torgelow-Drögeheide 90"]
[BlackTeam "SV Mattnetz Berlin e.V."]

1. e4 e5 2. Nf3 Nc6 3. Nc3 Nf6 4. Bb5 Bb4 5. O-O O-O 6. d3 Re8 7. Bg5 a6 8.
Bxf6 Qxf6 9. Nd5 Qd6 10. Bxc6 dxc6 11. Nxb4 Qxb4 12. Qc1 Qd6 13. a3 Bg4 14. Qe3
Bxf3 15. Qxf3 Rad8 16. Qe3 Qd4 17. Qxd4 Rxd4 18. f4 f6 19. fxe5 Rxe5 20. Rf5
Rxf5 21. exf5 Rd5 22. Rf1 Rb5 23. b3 Rc5 24. Rf2 Re5 25. Kf1 Kf7 26. g4 Ke7 27.
Re2 Kd6 28. Kf2 Rxe2+ 29. Kxe2 Ke5 30. Ke3 c5 31. c3 b6 32. a4 a5 33. h3 c6 34.
Kf3 b5 35. Ke3 b4 36. d4+ cxd4+ 37. cxd4+ Kd5 38. Kd3 c5 39. dxc5 Kxc5 40. Ke4
h5 41. gxh5 Kd6 42. Kd4 Kc6 43. Kc4 1-0

[Event "NVM U16 2015"]
[Site "Kiel"]
[Date "2015.09.10"]
[Round "2.4"]
[White "Petersen, Marcel"]
[Black "Bollnow, Alex"]
[Result "0-1"]
[WhiteElo "1658"]
[BlackElo "1353"]
[PlyCount "78"]
[EventDate "2015.??.??"]
[WhiteTeam "SV Mattnetz Berlin e.V."]
[BlackTeam "SAV Torgelow-Drögeheide 90"]

1. e4 c5 2. Nf3 Nc6 3. d4 cxd4 4. Nxd4 g6 5. Be3 Bg7 6. Nc3 Nf6 7. Bc4 O-O 8.
Bb3 a5 9. f3 Qb6 10. Nf5 Qd8 11. Nxg7 Kxg7 12. Qd2 Kg8 13. Bh6 Re8 14. g4 d6
15. h4 e5 16. h5 Nd4 17. Qe3 Nxb3 18. axb3 Be6 19. hxg6 fxg6 20. O-O-O Re7 21.
Bg5 Rd7 22. Nd5 Bxd5 23. Bxf6 Qxf6 24. Rxd5 b6 25. Rf1 Rb8 26. Rf2 Kh8 27. f4
Rf7 28. f5 Qh4 29. g5 Rbf8 30. f6 Rd7 31. Rfd2 Rfd8 32. Qxb6 Qxg5 33. Qxa5 Qxf6
34. Qa6 g5 35. b4 g4 36. b5 Qf1+ 37. Rd1 Qe2 38. Rxd6 Rxd6 39. Rxd6 Qe1+ 0-1

[Event "NVM U16 2015"]
[Site "Kiel"]
[Date "2015.09.10"]
[Round "2.1"]
[White "Schumacher, Ole"]
[Black "Speck, Jakob"]
[Result "0-1"]
[WhiteElo "1673"]
[BlackElo "1701"]
[PlyCount "134"]
[EventDate "2015.??.??"]
[WhiteTeam "SF Schwerin"]
[BlackTeam "SK Weisse Dame Hamburg"]

1. e4 c5 2. Nf3 e6 3. d4 cxd4 4. Nxd4 a6 5. Bd3 Nf6 6. O-O Qc7 7. Qe2 d6 8. c4
b6 9. Nc3 Nbd7 10. Nf3 Bb7 11. b3 Rc8 12. h3 Be7 13. Bf4 O-O 14. Rac1 Rfd8 15.
Bh2 Qb8 16. Rfe1 Qa8 17. Nd2 Rc7 18. f3 Rdc8 19. Bb1 Ne8 20. Nf1 b5 21. Ne3 Nb6
22. Ncd1 Bf6 23. Nf2 Qa7 24. Red1 bxc4 25. Nxc4 Nxc4 26. Rxc4 Rxc4 27. bxc4 Bd4
28. Bd3 e5 29. Kf1 Rb8 30. Bg3 Nc7 31. Ng4 f6 32. Bf2 Bc5 33. Ne3 Ne6 34. Nf5
Bc8 35. Bxc5 dxc5 36. g3 Nd4 37. Nxd4 cxd4 38. g4 Be6 39. Qc2 Qb6 40. c5 Qc6
41. Rc1 Kf7 42. Qe2 a5 43. Qd2 Rb4 44. Qc2 Ra4 45. Ra1 Ra3 46. Kf2 Rc3 47. Qe2
Qxc5 48. Rb1 Bc4 49. Rb7+ Kg6 50. Bxc4 Qxc4 51. Qxc4 Rxc4 52. Rb2 h5 53. Kg3
hxg4 54. hxg4 Kg5 55. Rb5 Ra4 56. f4+ Kg6 57. fxe5 fxe5 58. Rxe5 Rxa2 59. Rd5
Ra4 60. Kf4 Kf6 61. Rd6+ Ke7 62. Rd5 Ke6 63. Kg5 d3 64. Rxd3 Rxe4 65. Rg3 Kd5
66. Kg6 Re7 67. g5 a4 0-1

[Event "NVM U16 2015"]
[Site "Kiel"]
[Date "2015.09.10"]
[Round "2.2"]
[White "Lam, Daniel"]
[Black "Focke, Adrian"]
[Result "1-0"]
[WhiteElo "1562"]
[BlackElo "1643"]
[PlyCount "107"]
[EventDate "2015.??.??"]
[WhiteTeam "SK Weisse Dame Hamburg"]
[BlackTeam "SF Schwerin"]

1. e4 c5 2. Nf3 e6 3. g3 d6 4. Bg2 Nf6 5. Nc3 Nc6 6. O-O a6 7. d3 Be7 8. h3 Qc7
9. Nh2 b6 10. f4 Bb7 11. Be3 Rd8 12. g4 d5 13. e5 d4 14. exf6 Bxf6 15. Ne4 dxe3
16. c3 Rd7 17. Qe2 Be7 18. Qxe3 Bd6 19. Nxd6+ Qxd6 20. Rad1 O-O 21. Nf3 Rfd8
22. Ng5 h6 23. Ne4 Qc7 24. g5 hxg5 25. Nxg5 Ne7 26. Bxb7 Qxb7 27. Ne4 Nf5 28.
Qf3 Rd5 29. Kf2 Qe7 30. Ng5 g6 31. Rh1 Kg7 32. h4 Rh8 33. h5 Rdd8 34. hxg6 fxg6
35. Qe4 Rde8 36. Qe5+ Qf6 37. Rxh8 Rxh8 38. Nxe6+ Kf7 39. Ng5+ Kg7 40. Qc7+ Qe7
41. Ne6+ Kf7 42. Ng5+ Kg7 43. Qxe7+ Nxe7 44. Re1 Kf8 45. Kf3 Nf5 46. Re6 Rh2
47. Rxb6 Rd2 48. Ne6+ Ke7 49. Nxc5 Kd8 50. Ke4 Kc7 51. Rxg6 Nd6+ 52. Kd5 Ne8
53. Re6 Kd8 54. Kc6 1-0

[Event "NVM U16 2015"]
[Site "Kiel"]
[Date "2015.09.10"]
[Round "2.3"]
[White "Stuppe, Hannes"]
[Black "Popist, Florian"]
[Result "0-1"]
[WhiteElo "1415"]
[BlackElo "1601"]
[PlyCount "98"]
[EventDate "2015.??.??"]
[WhiteTeam "SF Schwerin"]
[BlackTeam "SK Weisse Dame Hamburg"]

1. e4 c5 2. Nf3 e6 3. d4 cxd4 4. Nxd4 a6 5. Bd3 Qc7 6. O-O Nc6 7. Nf3 Nf6 8.
Nc3 Be7 9. h3 O-O 10. Qe2 d6 11. Bf4 Rd8 12. Rfd1 b5 13. e5 dxe5 14. Nxe5 Nxe5
15. Bxe5 Qb6 16. Ne4 Nxe4 17. Bxe4 Bb7 18. Qf3 Bxe4 19. Qxe4 Bc5 20. Qf4 Rxd1+
21. Rxd1 Rd8 22. Rxd8+ Qxd8 23. Qg4 Bf8 24. Qe2 Qd5 25. b3 h6 26. Bc3 Bd6 27.
Qg4 Bf8 28. Qe2 Bd6 29. Bb2 Bc5 30. Qg4 Bf8 31. Bc1 Qe5 32. Be3 Qa1+ 33. Kh2
Qxa2 34. Qe4 Bd6+ 35. g3 Qa3 36. Bd2 Qc5 37. Be3 Qd5 38. Qg4 Kh8 39. Bd4 Be5
40. Bxe5 Qxe5 41. Qf3 Qf5 42. Qe2 a5 43. Kg2 Qd5+ 44. Kg1 a4 45. bxa4 bxa4 46.
c4 Qc5 47. Qc2 a3 48. Qb3 Qa5 49. Qa2 Qb4 0-1

[Event "NVM U16 2015"]
[Site "Kiel"]
[Date "2015.09.10"]
[Round "2.4"]
[White "Lam, Marvin"]
[Black "Kummer, Birte"]
[Result "0-1"]
[WhiteElo "1331"]
[BlackElo "1422"]
[PlyCount "68"]
[EventDate "2015.??.??"]
[WhiteTeam "SK Weisse Dame Hamburg"]
[BlackTeam "SF Schwerin"]

1. e4 e5 2. Nf3 d6 3. d4 exd4 4. Nxd4 Nf6 5. Nc3 Be7 6. Bc4 O-O 7. Bf4 Re8 8.
Bd3 Nbd7 9. Qd2 Nc5 10. O-O-O c6 11. Nb3 Nxb3+ 12. axb3 Qa5 13. Rhe1 Be6 14. f3
d5 15. exd5 Nxd5 16. Re4 Nxf4 17. Qxf4 Bg5 18. Qd2 Bxd2+ 19. Rxd2 Bd5 20. Ra4
Re1+ 21. Nd1 Qb6 22. Rd4 g6 23. Be4 Bxe4 24. fxe4 Re8 25. c3 Qxb3 26. Rb4 Qa2
27. Rxb7 R8xe4 28. Rdd7 Qa1+ 29. Kc2 R4e2+ 30. Kb3 Rxd1 31. Rxf7 Qxb2+ 32. Kc4
Qa2+ 33. Kc5 Re5+ 34. Kxc6 Qc4# 0-1

[Event "NVM U16 2015"]
[Site "Kiel"]
[Date "2015.09.10"]
[Round "2.1"]
[White "Tiedemann, Fin Niklas"]
[Black "Stockmann, Till"]
[Result "1-0"]
[WhiteElo "1798"]
[BlackElo "1508"]
[PlyCount "65"]
[EventDate "2015.??.??"]
[WhiteTeam "Lübecker SV von 1873"]
[BlackTeam "VfL Gräfenhainichen"]

1. e4 e5 2. Nf3 Nc6 3. Bc4 Bc5 4. c3 Nf6 5. d4 exd4 6. cxd4 Bb4+ 7. Bd2 Bxd2+
8. Nbxd2 O-O 9. e5 Ng4 10. h3 Nh6 11. O-O d5 12. Bd3 Bf5 13. Nb1 Be4 14. Nc3
Bxd3 15. Qxd3 a6 16. Na4 Qc8 17. Qb3 Ne7 18. Rac1 Nc6 19. Qxd5 Rd8 20. Qe4 Qf5
21. Qe3 Qc8 22. Rfd1 Nf5 23. Qe4 Nfe7 24. d5 b5 25. Nc5 Na7 26. e6 f6 27. Nd7
Qb7 28. Nh4 Nac8 29. Qg4 Kh8 30. Nf5 Nxf5 31. Qxf5 Re8 32. Nxf6 Nd6 33. Qxh7#
1-0